000 00583nam a2200241Ia 4500
003 OSt
005 20220918183602.0
006 a|||||r|||| 00| 0
007 ta
008 220917b |||||||| |||| 00| 0 eng d
024 _a39,058
037 _cTextual
040 _aARTS
_cARTS
_beng
041 _2eng
_aeng
082 _aO15:1B2x, F1
100 _aVyasa K D
_963160
245 0 _aMahabarata ed by C V Vaidya
250 _a4th
260 _c1921
650 _aENGLISH LITERATURE
942 _hO15:1B2x, F1
_cTEXL
_2CC
999 _c173136
_d173136